|
|
|
|
| LEADER |
01150nam a22003012a 4500 |
| 001 |
000270824 |
| 003 |
CZ BrMZK |
| 005 |
20080703084215.0 |
| 007 |
ta |
| 008 |
960707s1979 xr f cze d |
| 015 |
|
|
|a cnb000163395
|
| 035 |
|
|
|a (OCoLC)42178143
|
| 040 |
|
|
|a BOA001
|b cze
|
| 080 |
9 |
|
|a 769.91(437.1)"19"(084)
|
| 100 |
1 |
|
|a Vlček, Tomáš,
|d 1941-
|7 jk01150130
|4 aut
|
| 245 |
1 |
0 |
|a Současný plakát /
|c Tomáš Vlček
|
| 250 |
|
|
|a 2. přeprac. vyd.
|
| 260 |
|
|
|a Praha :
|b Odeon,
|c 1979
|
| 300 |
|
|
|a 71 s.
|
| 490 |
1 |
|
|a Soudobé české umění
|
| 830 |
|
0 |
|a Soudobé české umění
|0 s
|
| 856 |
4 |
1 |
|u http://www.digitalniknihovna.cz/mzk/uuid/uuid:79dd73f0-c562-11e3-b110-005056827e51
|y Digitalizovaný dokument
|x NDK
|
| 910 |
|
|
|a BOA001
|b PK-A-0016.573-79
|b 1-0809.680
|
| 964 |
|
|
|a Plakáty české - publikace obrazové - od r.1945
|
| 964 |
|
|
|a Plakáty - tvorba - ČSR - rozvoj - přehledy - od r.1945
|
| 990 |
|
|
|a BK
|
| 996 |
6 |
|
|b 2619288070
|c 1-0809.680
|l MZK
|r Sklad / do 1 hodiny
|n 15
|w 000270824
|u 000020
|a 1
|e BOA001
|j MZK50
|s P
|
| 996 |
7 |
|
|b 3119962614
|c PK-A-0016.573-79
|l MZK
|r Sklad / do 1 hodiny
|n 14
|w 000270824
|u 000010
|a 1
|e BOA001
|j MZK50
|s A
|